Armut und Kindheit : ein regionaler, nationaler und internationaler Vergleich

Αποθηκεύτηκε σε:
Λεπτομέρειες βιβλιογραφικής εγγραφής
Άλλοι συγγραφείς: Butterwegge, Christoph
Μορφή: Βιβλίο
Γλώσσα:German
Δημοσίευση: Leske : Westdeutscher, c2004
Έκδοση:2. Aufl.
Θέματα:
Ετικέτες: Προσθήκη ετικέτας
Δεν υπάρχουν, Καταχωρήστε ετικέτα πρώτοι!

MARC

LEADER 00000nam a2200000 i 4500
001 1/73702
008 080207s2004 ger d
020 |a 3-531-33707-6 
035 |l 10094451 
040 |a GR-MY-UA  |b gre  |e aacr 
041 0 |a ger 
082 0 |a 362.7086942  |2 (22) 
245 1 0 |a Armut und Kindheit :  |b ein regionaler, nationaler und internationaler Vergleich /  |c Christoph Butterwegge ... [κ.ά.] 
250 |a 2. Aufl. 
260 |a Leske :   |b Westdeutscher,   |c c2004 
300 |a 319 σ.;  |b εικ., πίν.;  |c 21 εκ. 
504 |a Βιβλιογραφία: σ. 315-319 
650 0 0 |a Poverty. 
650 0 0 |a Poor children. 
650 0 0 |a Children  |x Health and hygiene. 
700 1 |a Butterwegge, Christoph. 
852 |a INST  |b LESVOS  |e 20080207  |h 362.7086942 BUT  |p 005100038844  |q 005100038844  |t BK  |y 0 
901 |a BIBL1-2008-1 
909 |a Λ  |b 145259 
922 |a 1ΕΛΗ  |b 200801  |c ΕΠΕΑΕΚ2/ΤΚ  |d ΕΛΕΥΘΕΡΟΥΔΑΚΗΣ 
970 |a ΓΙΑΛΑΜΑ  |b ΜΑΡΙΑ  |z 2008/02/07